Aller plus loin - Vaiana 2 (Paroles) - Statistiques

Statistiques générales
  • Ce quiz a été pris 340 fois
  • Le résultat moyen est 155 sur 244
Statistiques - réponses
Paroles % Correct
à
95%
loin
92%
plus
92%
Aller
90%
aller
90%
de
87%
De
87%
de
87%
le
86%
le
86%
Le
86%
me
86%
Me
86%
La
84%
la
84%
84%
Et
82%
et
82%
je
81%
Je
81%
mer
80%
es
78%
des
77%
est
76%
est
76%
ce
75%
Mais
75%
mais
75%
mon
73%
en
73%
En
73%
mon
73%
étoiles
72%
Pour
71%
pour
71%
que
69%
nous
68%
Si
68%
si
68%
un
68%
suis
67%
miroir
66%
te
66%
ciel
65%
une
65%
dans
64%
j'ai
64%
Qui
64%
qui
64%
cœur
62%
Les
62%
peur
62%
sable
62%
tout
62%
vais
62%
au
61%
chemin
61%
blanc
60%
elle
60%
étincelle
60%
grand
60%
ne
60%
perdre
60%
peut
60%
Vaiana
60%
bien
59%
terre
59%
défi
58%
maison
58%
partir
58%
choix
57%
l'océan
57%
pas
57%
tous
57%
sembler
56%
amis
55%
ceux
55%
cieux
55%
aimons
55%
du
55%
évident
55%
nos
55%
promet
55%
dire
53%
futur
53%
m'égarer
53%
Quitte
53%
D'autres
52%
Pourquoi
52%
m'ont
51%
revoir
51%
Il
50%
jamais
50%
leur
50%
pars
50%
Sur
50%
sur
50%
destin
49%
Dois-je
49%
devrais
48%
serai
48%
devenir
47%
Quitter
47%
C'est
46%
envahir
46%
j'aimais
46%
laisserai
46%
pardonnera-t-elle
46%
Allons
45%
sais
45%
printemps
44%
reviendrai
44%
voir
44%
invitée
43%
J'entends
43%
toujours
43%
âme
42%
l'appel
42%
vents
42%
demande
41%
s'accomplir
41%
celles-ci
40%
enflamment
40%
Marcher
40%
m'éloignent
40%
allument
39%
allant
38%
fière
38%
tournent
38%
tu
38%
acceptant
37%
Car
37%
l'horizon
37%
toi
37%
promets
36%
infini
35%
près
35%
dépassons
33%
J'irai
33%
Explorons
32%
m'ensorcèle
32%
tes
32%
31%
serais
31%
océan
30%
accepte
28%
sont
28%
font
27%
ton
25%
J'ignore
21%
histoire
19%
conduira
18%
cet
17%
Aucun quiz correspondant
Distribution des résultats
% des personnes avec chaque résultat
Percentile par nombre de réponses
Votre historique - résultats
Vous n’avez pas pris ce quiz